00890nam a22002651 450000100060000000300080000600500170001400800390003103500190007003500180008904000270010704100080013408200200014210000360016224500860019825000110028426000420029530000230033750400200036065000480038070000280042894200120045699900170046895201390048532832BD-RjUL20211209051913.0140428s1960 pk 001 0 eng a(BD-RjUL)32922 a(OCoLC)771199 aDLCcMWHdBD-RjULbeng aeng04a297.5bALS 19601 aAl-Ghazzali,d1058-1111.99982710aSome moral and religious teachings of al-Ghazzali /cAl-Ghazzali, Syed Nawab Ali. a3d ed. aLahore :bSh. Muhammad Ashraf,c1960. ax, 170p. ;c18 cm. aIncludes index. 0aIslamic ethicsxEarly works to 1800.9927031 aAli, Syed Nawab.999078 2ddccBK c32832d32832 00102ddc40718NFICaRUCLbRUCLcReadingd1962-02-20eS. M. Mirzag3.00l0o297.5 ALS 1960r2014-04-28 00:00:00tC-1w2014-04-28yBK